Enquête-animation sur l'éducation organisée par le Comité de jumelage de Chaumont (France) à l'occasion de l'Année internationale de l'éducation sous le patronage de l'UNESCO (Запись № 7842305)

Подробности
000 -МАРКЕР
контрольное поле 01405nam0a22002891 4500
001 - ИДЕНТИФИКАТОР ЗАПИСИ
контрольное поле RU\NLR\INFOCOMM_190\5000079036
005 - ИДЕНТИФИКАТОР ВЕРСИИ
контрольное поле 20250613100735.0
035 ## - ДРУГИЕ СИСТЕМНЫЕ НОМЕРА
Идентификатор записи (NLR Aleph) 009357683
100 ## - ДАННЫЕ ОБЩЕЙ ОБРАБОТКИ
Данные общей обработки 20101201d1970 |||y0rusy50 ca
101 0# - ЯЗЫК РЕСУРСА
Язык текста, звукозаписи и т.д. французский
102 ## - СТРАНА ПУБЛИКАЦИИ ИЛИ ПРОИЗВОДСТВА
Страна публикации российская федерация
105 ## - ПОЛЕ КОДИРОВАННЫХ ДАННЫХ: ТЕКСТОВЫЕ МАТЕРИАЛЫ, МОНОГРАФИЧЕСКИЕ
Кодированные данные о монографическом текстовом документе y ||||000|y
200 1# - ЗАГЛАВИЕ И СВЕДЕНИЯ ОБ ОТВЕТСТВЕННОСТИ
Основное заглавие Enquête-animation sur l'éducation organisée par le Comité de jumelage de Chaumont (France) à l'occasion de l'Année internationale de l'éducation sous le patronage de l'UNESCO
Сведения, относящиеся к заглавию Document de la 3-ème Commission: "Commission de la culture, de la jeunesse et de l'éducation permanente"
Первые сведения об ответственности Robert Genest
210 ## - ПУБЛИКАЦИЯ, РАСПРОСТРАНЕНИЕ И ДР.
Место издания, распространения и т.д. [M.
Дата издания, распространения и т.д. 1970]
215 ## - ФИЗИЧЕСКАЯ ХАРАКТЕРИСТИКА
Специфическое обозначение материала и объем [1], 6 с.
Размеры 28 см
225 1# - СЕРИЯ
Основное заглавие серии ˆ[‰Rapports
Сведения об ответственности VII-e Congrès mondial des villes jumelées, Léningrad, URSS, 7-10 juillet 1970
Обозначение тома 3]
300 ## - ОБЩИЕ ПРИМЕЧАНИЯ
Текст примечания Надзаголовок также на рус. яз.: VII Всемирный конгресс породненных городов
300 ## - ОБЩИЕ ПРИМЕЧАНИЯ
Текст примечания Надзаголовок на англ. яз.: VIIth World congress of twinned towns
300 ## - ОБЩИЕ ПРИМЕЧАНИЯ
Текст примечания Надзаголовок на итал. яз.: VII-o Congresso mondiale delle città gemellate
309 ## - ПРИМЕЧАНИЯ ОБ ОСНОВНОМ ИСТОЧНИКЕ ИНФОРМАЦИИ И ОБ ОСОБЕННОСТЯХ ПОЛИГРАФИЧЕСКОГО ОФОРМЛЕНИЯ ИЗДАНИЯ
Текст примечания Текст на одной стороне листа
700 #1 - ИМЯ ЛИЦА - ПЕРВИЧНАЯ ОТВЕТСТВЕННОСТЬ
Начальный элемент ввода Genest
Часть имени, кроме начального элемента ввода R.
Расширение инициалов личного имени Robert
Код отношения Автор
801 #1 - ИСТОЧНИК ЗАПИСИ
Страна российская федерация
Организация NLR
Дата составления 20101201
801 #0 - ИСТОЧНИК ЗАПИСИ
Страна российская федерация
Организация NLR
Правила каталогизации PSBO
852 ## - МЕСТОНАХОЖДЕНИЕ И ШИФР ХРАНЕНИЯ
Идентификатор организации NLR
Шифр хранения (Call Number) И25 Д-8/11-3
942 ## - ДОПОЛНИТЕЛЬНЫЕ ЭЛЕМЕНТЫ ЗАПИСИ (АБИС)
Тип экземпляра АБИС Книга
980 ## - КОЛЛЕКЦИЯ
Название коллекции Национальная библиография
Экземпляры
Тип экземпляра Дата поступления Библиотека постоянного хранения Библиотека текущего хранения Место хранения Шифр хранения Штрих-код Статус не для выдачи
Книга 26.10.2013 РНБ (Московский) РНБ (Московский) Иностранный книжный фонд И25 Д-8/11-3 9357683-10